000 00729nam a2200229 a 4500
001 BRCA_1709
003 FranzMayer
005 20230918122130.0
008 961127s1996 mx-a---##b---#000-0#spa-#
020 _a9683645054
040 _aDLC
_cDLC
050 4 _aTR28
_b.A38 1996
100 1 _aAguilar Ochoa, Arturo
_95342
245 1 0 _aLa fotografía durante el Imperio de Maximiliano
_cArturo Aguilar Ochoa.
260 _aMéxico
_bUNAM, Instituto de Investigaciones Estéticas
_c1996
300 _a191 p.
_bil.
_c27 cm.
440 0 _aEstudios de fotografía
_v1
_95343
500 _aUn ejemplar en Anexo 1
504 _aBibliografía : p. 185-190
650 1 4 _aFotografía
_xHistoria
_ySiglo XIX
_zMéxico
_95344
942 _2lcc
_cB
999 _c1499
_d1499